| 000 | 00641nam a2200205 u 4500 | ||
|---|---|---|---|
| 005 | 20250919063953.0 | ||
| 008 | 070824s1971 es r 000 0 spa d | ||
| 035 | _aUPN01000151376 | ||
| 049 | _aCG | ||
| 050 | 4 |
_aB819 _bA3.4 |
|
| 100 | 1 |
_aAdorno, Theodor W., _d1903-1969 |
|
| 245 | 1 | 3 |
_aLa ideología como lenguaje / _cTheodor W. Adorno ; tr. Justo Pérez Corral. |
| 260 |
_aMadrid : _bTaurus, _cc1971. |
||
| 300 | _a204 h. | ||
| 534 |
_pTítulo original: _tJargon der eigentlichkeit |
||
| 650 | 2 |
_aExistencialismo _98242 |
|
| 650 | 4 |
_aFILOSOFIA ALEMANA - _ySIGLO XX _98209 |
|
| 650 | 4 |
_aFILOSOFIA - _xTERMINOLOGIA _98062 |
|
| 905 | _aLibro | ||
| 999 |
_c123514 _d123514 |
||